[Event "Provincial-ch Xixona Preferente"]
[Site "Xixona"]
[Date "2013.11.02"]
[Round "4.3"]
[White "Garcia Asensio, Francisco Javier"]
[Black "Agullo Valcarcel, Carlos"]
[Result "0-1"]
[WhiteElo "1451"]
[BlackElo "1717"]
[PlyCount "31"]
[EventDate "2013.10.05"]
[EventType "swiss"]
[EventRounds "7"]
[EventCountry "ESP"]
[SourceTitle "EXT 2024"]
[Source "ChessBase"]
[SourceDate "2023.10.10"]
[SourceVersion "1"]
[SourceVersionDate "2023.10.10"]
[SourceQuality "1"]

1. e4 c5 2. Nf3 e6 3. d4 Nf6 4. Nc3 cxd4 5. Nxd4 a6 6. Bg5 d6 7. Bc4 Be7 8. a3 Nxe4 9. Bxe7 Nxc3 10. Bxd8 Nxd1 11. Rxd1 Kxd8 12. f4 g6 13. h4 b5 14. Bb3 Ke7 15. Ke2 Bb7 16. Rhf1 0-1